| 000 | 00420nam a2200181Ia 4500 | ||
|---|---|---|---|
| 001 | 1870 | ||
| 005 | 20260306143800.0 | ||
| 008 | 260306t1978||||xx |||||||||||||| ||spa|| | ||
| 041 | _aESP | ||
| 082 |
_a158 _bI68 1978 |
||
| 100 |
_aIrala, Narciso _eAUT |
||
| 245 | 0 | _aControl cerebral y emocional | |
| 260 | _c1978 | ||
| 300 |
_a288 páginas : _c20 cm. |
||
| 650 | _aGEN | ||
| 654 | _aCPS | ||
| 942 |
_cLIB _dJUS _fJUS _2ddc _n |
||
| 999 |
_c1870 _d1870 |
||